Case in point lease renewal (Record no. 104026)

MARC details
000 -LEADER
fixed length control field 00989cam a2200265 4500
001 - CONTROL NUMBER
control field L128861
008 - FIXED-LENGTH DATA ELEMENTS--GENERAL INFORMATION
fixed length control field 050221n2005 000 0 eng u
020 ## - INTERNATIONAL STANDARD BOOK NUMBER
International Standard Book Number 1842192264
035 ## - SYSTEM CONTROL NUMBER
System control number (Sirsi) u128861
041 0# - LANGUAGE CODE
Language code of text/sound track or separate title eng
050 ## - LIBRARY OF CONGRESS CALL NUMBER
Classification number 346.4104346 $2 18
100 1# - MAIN ENTRY--PERSONAL NAME
Personal name Lamont, Camilla
245 00 - TITLE STATEMENT
Title Case in point lease renewal
260 ## - PUBLICATION, DISTRIBUTION, ETC.
Place of publication, distribution, etc. Coventry
Name of publisher, distributor, etc. RICS
Date of publication, distribution, etc. 2005
300 ## - PHYSICAL DESCRIPTION
Extent xxviii, 178p.
Dimensions 21cm.
350 ## - PRICE (NR) (BK AM CF MU VM SE) [OBSOLETE]
Price 24.95
490 #0 - SERIES STATEMENT
Series statement RICS Case in Point Series
520 ## - SUMMARY, ETC.
Summary, etc. A practical guide to lease renewals. Discusses: contracting out of the 1954 Act; continuation of tenancies; notices, requests and applications to court; opposing new tenancies and disputes about new tenancy terms; preparing and giving expert evidence; compensation on quitting the holding; and interim rent.
590 ## - LOCAL NOTE (RLIN)
Local note IKA130905
690 ## - LOCAL SUBJECT ADDED ENTRY--TOPICAL TERM (OCLC, RLIN)
Topical term or geographic name as entry element PROPERTY-LEASEHOLD PROPERTY-LANDLORD AND TENANT-LEASES-LEASE RENEWAL
700 1# - ADDED ENTRY--PERSONAL NAME
Personal name Seifert, Anne
700 1# - ADDED ENTRY--PERSONAL NAME
Personal name Staycey, Miriam
942 ## - ADDED ENTRY ELEMENTS (KOHA)
Suppress in OPAC 0
Holdings
Withdrawn status Lost status Source of classification or shelving scheme Damaged status Not for loan Home library Current library Shelving location Date acquired Total Checkouts Full call number Barcode Date last seen Copy number Price effective from Koha item type Cost, normal purchase price Date last checked out Cost, replacement price
    Dewey Decimal Classification     London London RICS Boxes 05/09/2005   RICS 2005/29 30070721 06/08/2019 1 06/08/2019 Archive      
    Dewey Decimal Classification     London London Books 05/09/2005   346.4104346 LAM 30070705 06/08/2019 1 06/08/2019 Reference material      
    Dewey Decimal Classification     London London Books 19/01/2006 27 346.4104346 LAM 30070704 06/08/2019 3 06/08/2019 Book 14.97 28/01/2010 14.97